[Event "17. Bayer Open"]
[Site "Leverkusen"]
[Date "2019.02.25"]
[Round "5.21"]
[White "Kronseder, Michael"]
[Black "Sohlmann, Jan-Henning"]
[Result "0-1"]
[WhiteElo "1655"]
[BlackElo "2185"]
[PlyCount "46"]
[EventDate "2019.??.??"]
[WhiteTeam "SV Hürth-Berrenrath"]
[BlackTeam "SV Welper"]

1. e4 d5 2. exd5 Qxd5 3. Nc3 Qa5 4. b4 Qxb4 5. Nb5 Qa5 6. Qh5 Nc6 7. Bc4 g6 8.
Qf3 Ne5 9. Bxf7+ Nxf7 10. Qd5 Qb6 11. Qc4 c6 12. Nc3 Bg7 13. Nge2 Nf6 14. Rb1
Qa5 15. Qb3 O-O 16. Ba3 Qc7 17. O-O b6 18. Qc4 Ng4 19. f4 Qd7 20. h3 Ngh6 21.
Rf3 Nf5 22. g4 Nd4 23. Re3 Nxc2 0-1

[Event "17. Bayer Open"]
[Site "Leverkusen"]
[Date "2019.02.25"]
[Round "5.22"]
[White "Vulic, Goran"]
[Black "Lasser, Rene"]
[Result "0-1"]
[WhiteElo "1822"]
[BlackElo "1410"]
[PlyCount "59"]
[EventDate "2019.??.??"]
[WhiteTeam "Brühler SK"]
[BlackTeam "Königsspringer Leverkusen"]

1. e4 d5 2. exd5 Qxd5 3. Nf3 Nf6 4. Nc3 Qa5 5. Bc4 c6 6. O-O Bf5 7. d4 e6 8.
Bf4 Nbd7 9. a3 Nh5 10. b4 Bxb4 11. axb4 Qxb4 12. Bb3 Nxf4 13. Qd2 Qd6 14. Ne5
Nd5 15. Nxd5 cxd5 16. Ba4 Rd8 17. Bxd7+ Rxd7 18. Nxd7 Qxd7 19. Qb4 b6 20. Rfc1
a5 21. Qxb6 O-O 22. Rxa5 Qe7 23. c4 Qg5 24. Qb2 Be4 25. f3 Bxf3 26. Rc3 Be4 27.
c5 h5 28. c6 e5 29. c7 Rc8 30. Qb8 0-1

[Event "17. Bayer Open"]
[Site "Leverkusen"]
[Date "2019.02.25"]
[Round "5.23"]
[White "Linke, Michael"]
[Black "Moors, Christoph"]
[Result "1/2-1/2"]
[WhiteElo "1819"]
[BlackElo "1968"]
[PlyCount "34"]
[EventDate "2019.??.??"]
[BlackTeam "SC Erkrath"]

1. d4 Nf6 2. c4 e6 3. Nc3 Bb4 4. a3 Bxc3+ 5. bxc3 c5 6. f3 d5 7. cxd5 Nxd5 8.
dxc5 Qa5 9. e4 Ne7 10. Be3 O-O 11. Qb3 Nd7 12. Bb5 Nc6 13. Ne2 Qc7 14. Rd1 Nce5
15. Qb4 Nc6 16. Qb3 Nce5 17. Qb4 Nc6 1/2-1/2

[Event "17. Bayer Open"]
[Site "Leverkusen"]
[Date "2019.02.25"]
[Round "5.26"]
[White "Gutt, Oswald"]
[Black "Elsweiler, Karl-Heinz"]
[Result "1-0"]
[WhiteElo "1868"]
[BlackElo "1565"]
[PlyCount "51"]
[EventDate "2019.??.??"]
[WhiteTeam "Bergische SF"]
[BlackTeam "SV Opladen"]

1. d4 Nf6 2. Nf3 e6 3. Bf4 Be7 4. e3 b6 5. Nbd2 Bb7 6. Bd3 d6 7. h3 Nbd7 8. O-O
O-O 9. c3 c5 10. Qe2 h6 11. Rad1 Rc8 12. Ba6 Bxa6 13. Qxa6 cxd4 14. exd4 Qc7
15. Qe2 Rfe8 16. Rfe1 e5 17. Bh2 Bf8 18. Qd3 Re6 19. dxe5 Nxe5 20. Nxe5 dxe5
21. Ne4 Nxe4 22. Qxe4 Rce8 23. Rd3 f6 24. Red1 Rd6 25. Rxd6 Bxd6 26. Qd5+ 1-0

[Event "17. Bayer Open"]
[Site "Leverkusen"]
[Date "2019.02.25"]
[Round "5.27"]
[White "Hasanovic, Huzeir"]
[Black "van Schyndel, Andreas"]
[Result "0-1"]
[WhiteElo "1534"]
[BlackElo "1734"]
[PlyCount "106"]
[EventDate "2019.??.??"]
[WhiteTeam "SV Opladen"]
[BlackTeam "SV Grünfeld"]

1. e4 e6 2. d4 d5 3. Nc3 Bb4 4. e5 Ne7 5. Bd3 c5 6. a3 Bxc3+ 7. bxc3 b6 8. Nf3
Ba6 9. O-O Bxd3 10. cxd3 Nbc6 11. a4 cxd4 12. cxd4 Nb4 13. a5 b5 14. Bg5 a6 15.
Qd2 Nbc6 16. Rfc1 Rc8 17. Rc5 h6 18. Bh4 Nxd4 19. Rac1 Nxf3+ 20. gxf3 Rxc5 21.
Rxc5 g5 22. Bg3 Kd7 23. f4 Nc6 24. Qc3 Nxa5 25. f5 Qb6 26. fxe6+ fxe6 27. Rxd5+
exd5 28. e6+ Qxe6 29. Qxh8 Kc6 30. Qd8 Qe1+ 31. Kg2 Kc5 32. f3 Qe2+ 33. Bf2+
Kb4 34. Qxd5 Nb3 35. Kg3 a5 36. Qd6+ Ka4 37. d4 Nd2 38. Qd5 Nc4 39. Qf5 b4 40.
d5 Qe5+ 41. Qxe5 Nxe5 42. f4 gxf4+ 43. Kxf4 Nc4 44. Ke4 b3 45. Bd4 Kb5 46. Kd3
a4 47. Kc3 b2 48. Kc2 a3 49. Bc3 Ne3+ 50. Kb1 Nxd5 51. Bd2 h5 52. Ka2 Kc4 53.
Bc1 bxc1=Q 0-1

[Event "17. Bayer Open"]
[Site "Leverkusen"]
[Date "2019.02.25"]
[Round "5.28"]
[White "Beyer, Fabian"]
[Black "Kinnert, Reinhard"]
[Result "1-0"]
[WhiteElo "1718"]
[BlackElo "1603"]
[PlyCount "91"]
[EventDate "2019.??.??"]
[WhiteTeam "SG Solingen"]
[BlackTeam "TV Witzhelden"]

1. d4 Nf6 2. c4 e6 3. Nc3 Bb4 4. Qc2 d5 5. Bg5 O-O 6. a3 Bxc3+ 7. bxc3 c6 8. e3
Nbd7 9. Nf3 Qa5 10. Bxf6 Nxf6 11. Nd2 Re8 12. Be2 e5 13. O-O e4 14. cxd5 cxd5
15. c4 Bg4 16. Bxg4 Nxg4 17. h3 Nf6 18. Qb2 dxc4 19. Nxc4 Qd5 20. Ne5 Nd7 21.
Nxd7 Qxd7 22. Rfc1 Rac8 23. Rab1 b6 24. Qb4 h5 25. a4 g5 26. Qb5 Rxc1+ 27. Rxc1
Qxb5 28. axb5 Re7 29. g4 h4 30. Kf1 Rd7 31. Ke2 Rd5 32. Rb1 f5 33. f3 exf3+ 34.
Kxf3 fxg4+ 35. Kxg4 Kf7 36. Rb4 Kg6 37. e4 Rd7 38. Rc4 Rg7 39. Rc6+ Kh7 40. d5
Re7 41. Re6 Rxe6 42. dxe6 Kg6 43. e5 Kg7 44. Kxg5 Kf8 45. Kf6 Ke8 46. e7 1-0

[Event "17. Bayer Open"]
[Site "Leverkusen"]
[Date "2019.02.25"]
[Round "5.29"]
[White "Ipekyilmaz, Tayfun"]
[Black "Kamphausen, Johannes-Dieter"]
[Result "1-0"]
[WhiteElo "1687"]
[BlackElo "1739"]
[PlyCount "27"]
[EventDate "2019.??.??"]
[WhiteTeam "Langenfelder SF"]
[BlackTeam "SV Springer Hitdorf"]

1. e4 c5 2. Nf3 d6 3. d4 cxd4 4. c3 dxc3 5. Nxc3 Nc6 6. Bc4 e6 7. Bf4 a6 8. O-O
e5 9. Be3 Nf6 10. Ng5 d5 11. Nxd5 Be6 12. Bb6 Qc8 13. Nc7+ Ke7 14. Bc5# 1-0

[Event "17. Bayer Open"]
[Site "Leverkusen"]
[Date "2019.02.25"]
[Round "5.31"]
[White "Janssen, Wolfgang"]
[Black "Axmann, Michael"]
[Result "1-0"]
[WhiteElo "1573"]
[BlackElo "1709"]
[PlyCount "91"]
[EventDate "2019.??.??"]
[WhiteTeam "SV Dormagen"]
[BlackTeam "SC Bayer Leverkusen"]

1. Nf3 d5 2. g3 Nf6 3. Bg2 Nc6 4. d3 Bg4 5. Nbd2 e5 6. h3 Be6 7. e4 dxe4 8.
dxe4 Qd7 9. Ng5 O-O-O 10. Nxe6 Qxe6 11. c3 Kb8 12. O-O g5 13. Qb3 Qe7 14. Nc4
Nd7 15. Ne3 f6 16. Nf5 Qe8 17. Be3 Bc5 18. Qc2 Bxe3 19. Nxe3 h5 20. b4 Ne7 21.
a4 h4 22. g4 Nf8 23. Rfd1 Ne6 24. Bf1 Nf4 25. Kh2 Nc8 26. Bb5 Qe7 27. a5 Nd6
28. Bf1 Rd7 29. b5 Rhd8 30. b6 a6 31. bxc7+ Rxc7 32. Nd5 Nxd5 33. Rxd5 Rdc8 34.
Rad1 Rxc3 35. Qb1 R3c6 36. Qb4 Rd8 37. R1d2 Kc8 38. Be2 Qc7 39. Bd1 b5 40. axb6
Qxb6 41. Qa4 Kc7 42. Bb3 Nb7 43. Rxd8 Nxd8 44. Bd5 Rc5 45. Qe8 Kc8 46. Be6+ 1-0

[Event "17. Bayer Open"]
[Site "Leverkusen"]
[Date "2019.02.25"]
[Round "5.33"]
[White "Schäde, Maximilian"]
[Black "Paul, André David"]
[Result "1/2-1/2"]
[WhiteElo "1839"]
[BlackElo "1658"]
[PlyCount "50"]
[EventDate "2019.??.??"]
[WhiteTeam "SF Brackel"]
[BlackTeam "Kölner SK Dr. Lasker"]

1. d4 d5 2. c4 e6 3. Nc3 c6 4. e4 dxe4 5. Nxe4 Bb4+ 6. Bd2 Qxd4 7. Bxb4 Qxe4+
8. Be2 Nd7 9. Nf3 c5 10. Bc3 Ngf6 11. Qd6 a5 12. Rd1 Ra6 13. Qg3 Nh5 14. Qc7
Rc6 15. Qxa5 Nf4 16. Rd2 Rd6 17. Bxg7 Rxd2 18. Qxd2 Rg8 19. Bh6 Nxg2+ 20. Kf1
Nh4 21. Qc3 Qb1+ 22. Qc1 Qe4 23. Qf4 Qb1+ 24. Qc1 Qe4 25. Qf4 Qb1+ 1/2-1/2

[Event "17. Bayer Open"]
[Site "Leverkusen"]
[Date "2019.02.25"]
[Round "5.34"]
[White "Hoeper, Heinz-Joachim"]
[Black "Morschel, Steffen"]
[Result "0-1"]
[WhiteElo "1365"]
[BlackElo "1744"]
[PlyCount "50"]
[EventDate "2019.??.??"]
[WhiteTeam "Pulheimer SC"]
[BlackTeam "SV Horrem"]

1. Nf3 Nf6 2. g3 e6 3. d3 d5 4. Bg2 Be7 5. O-O O-O 6. Nbd2 c5 7. e4 Nc6 8. c3
e5 9. exd5 Nxd5 10. Qe2 f6 11. a3 a6 12. Ne1 Be6 13. c4 Nc7 14. Nb3 Rb8 15. f4
Qd7 16. Nf3 Bg4 17. Qd1 Rbd8 18. Nxe5 fxe5 19. Bxc6 Bxd1 20. Bxd7 Bxb3 21. Bh3
Rxd3 22. fxe5 Rxf1+ 23. Bxf1 Rd1 24. Kf2 Bg5 25. Bxg5 Rxa1 0-1

[Event "17. Bayer Open"]
[Site "Leverkusen"]
[Date "2019.02.18"]
[Round "5.35"]
[White "Alexopoulos, Spiros Orestis"]
[Black "Büttgenbach, Uwe Eugen"]
[Result "1-0"]
[WhiteElo "1863"]
[BlackElo "1493"]
[PlyCount "67"]
[EventDate "2019.??.??"]
[WhiteTeam "Aachener SV"]
[BlackTeam "Ford SF Köln"]

1. e4 c5 2. Nf3 a6 3. c4 d6 4. d4 cxd4 5. Nxd4 Nf6 6. Nc3 Nbd7 7. Be2 e5 8. Nc2
Nb6 9. O-O Qc7 10. b3 Be7 11. f3 O-O 12. Be3 Be6 13. Qd2 Rac8 14. Rac1 Na8 15.
a4 b6 16. Kh1 Qb7 17. Bg1 Nh5 18. Ne3 Nf4 19. Rfd1 Nxe2 20. Qxe2 Rfd8 21. Rc2
b5 22. axb5 axb5 23. Nxb5 Nc7 24. Nxc7 Rxc7 25. Rb1 Rdc8 26. Qd1 Bf8 27. Nd5
Rc6 28. Ra2 f5 29. Ra7 Qb8 30. Rba1 fxe4 31. fxe4 Re8 32. Qf3 Qc8 33. Qh5 Qb8
34. Nf6+ 1-0

[Event "17. Bayer Open"]
[Site "Leverkusen"]
[Date "2019.02.25"]
[Round "5.36"]
[White "Yon, Gregory"]
[Black "Friedsam, Manfred"]
[Result "1/2-1/2"]
[WhiteElo "1565"]
[BlackElo "1757"]
[PlyCount "68"]
[EventDate "2019.??.??"]
[WhiteTeam "Bergische SF"]
[BlackTeam "Königsspringer Leverkusen"]

1. d4 e6 2. Bf4 d5 3. e3 c5 4. Nd2 Nc6 5. c3 Bd7 6. Ngf3 f5 7. Ne5 Nf6 8. h3
Be7 9. Be2 O-O 10. g4 Nxe5 11. dxe5 Ne4 12. gxf5 exf5 13. Nxe4 dxe4 14. Bc4+
Kh8 15. h4 Bc6 16. Qe2 Qe8 17. h5 b5 18. Bb3 c4 19. Bc2 Bd8 20. Rd1 Bc7 21. Rd6
Bxd6 22. exd6 Rd8 23. Qd2 Qe6 24. h6 Rf7 25. hxg7+ Kg8 26. Bd1 Qd5 27. Qe2 Rxd6
28. Bxd6 Qxd6 29. Qh5 Qg6 30. Qh2 Rxg7 31. Qb8+ Qe8 32. Qf4 Qe6 33. Qb8+ Qe8
34. Qf4 Qe6 1/2-1/2

[Event "17. Bayer Open"]
[Site "Leverkusen"]
[Date "2019.02.25"]
[Round "5.37"]
[White "Ziabari, Morteza"]
[Black "Shelukie, Magd"]
[Result "1-0"]
[WhiteElo "1891"]
[BlackElo "1511"]
[PlyCount "120"]
[EventDate "2019.??.??"]
[WhiteTeam "Kettwiger SG"]

1. e4 c5 2. Nc3 Nc6 3. f4 e6 4. Nf3 d5 5. e5 Nge7 6. d4 Nf5 7. Bb5 cxd4 8. Nxd4
Qh4+ 9. Ke2 Qg4+ 10. Kf2 Qxd1 11. Rxd1 Nfxd4 12. Rxd4 Bc5 13. Be3 Bxd4 14. Bxd4
Bd7 15. Bc5 f6 16. exf6 gxf6 17. Re1 Kf7 18. f5 a6 19. Ba4 e5 20. Nxd5 Bxf5 21.
Nc7 Rad8 22. Bb3+ Kg6 23. Nd5 Rd7 24. Re3 Be6 25. Nb6 Rd2+ 26. Ke1 Rxg2 27.
Bxe6 Rxc2 28. Rg3+ Kh5 29. Rh3+ Kg6 30. Rg3+ Kh5 31. Bf2 Rxb2 32. Bf7+ Kh4 33.
Rg8+ Rxf2 34. Kxf2 Rxg8 35. Bxg8 h6 36. Nd7 f5 37. Nc5 f4 38. Nxb7 Kh3 39. Bc4
a5 40. a4 Kxh2 41. Bb5 Nd4 42. Nxa5 e4 43. Nc6 e3+ 44. Ke1 Ne6 45. Ke2 Kg3 46.
a5 h5 47. a6 Nc7 48. a7 h4 49. Bd3 h3 50. Be4 h2 51. Bh1 Kg4 52. Nb4 Kg3 53.
Nd5 Na8 54. Nxf4 Nb6 55. Nd5 Na8 56. Nxe3 Nb6 57. Nc4 Nxc4 58. a8=Q Ne5 59.
Qg2+ Kf4 60. Qxh2+ Kf5 1-0

[Event "17. Bayer Open"]
[Site "Leverkusen"]
[Date "2019.02.25"]
[Round "5.38"]
[White "Jiritschka, Wolfgang"]
[Black "Breuer, Achim"]
[Result "1-0"]
[WhiteElo "1795"]
[BlackElo "1391"]
[PlyCount "67"]
[EventDate "2019.??.??"]
[WhiteTeam "SC Bayer Leverkusen"]
[BlackTeam "SV Dormagen"]

1. c4 e6 2. d4 d5 3. Nc3 Nf6 4. Nf3 c5 5. cxd5 exd5 6. g3 Nc6 7. Bg2 Bf5 8. O-O
Nb4 9. Bg5 h6 10. Bxf6 Qxf6 11. a3 Nc6 12. Nxd5 Qd8 13. dxc5 Bxc5 14. b4 Bb6
15. Rc1 O-O 16. Nxb6 Qxb6 17. Qd5 Ne7 18. Qc5 Qf6 19. Qe5 Qe6 20. Rc7 Nd5 21.
Rxb7 Qc6 22. Nd4 Qc3 23. Bxd5 Bh3 24. Bg2 Bxg2 25. Kxg2 Rae8 26. Qc5 Qxa3 27.
e3 Qb2 28. Qc2 Qa3 29. b5 Rc8 30. Rc7 Rb8 31. Qc3 Qa2 32. Rc4 Rfe8 33. Ra1 Rxe3
34. Rxa2 1-0

[Event "17. Bayer Open"]
[Site "Leverkusen"]
[Date "2019.02.25"]
[Round "5.39"]
[White "Schmid, Arnold"]
[Black "Elshani, Shaip"]
[Result "1-0"]
[WhiteElo "1465"]
[BlackElo "1524"]
[PlyCount "97"]
[EventDate "2019.??.??"]
[WhiteTeam "Oberbilker SV"]
[BlackTeam "SC Bayer Leverkusen"]

1. e4 d6 2. d4 e6 3. Nf3 Be7 4. Bd3 Nc6 5. O-O Nf6 6. Bg5 h6 7. Be3 O-O 8. h3
Nb4 9. c3 Nxd3 10. Qxd3 b6 11. Nbd2 a5 12. Qc2 Bb7 13. Rfe1 Rc8 14. Rac1 Qd7
15. Bf4 Nh5 16. Bh2 Rfd8 17. Rcd1 Nf6 18. Qb1 c5 19. dxc5 Rxc5 20. Nb3 Rh5 21.
Nbd4 Rc5 22. Nb3 Rc4 23. Ne5 dxe5 24. Rxd7 Rxd7 25. f3 a4 26. Nc1 Bc5+ 27. Kh1
Rd2 28. Nd3 a3 29. Bxe5 Nd7 30. Bf4 Rxb2 31. Nxb2 axb2 32. Qxb2 e5 33. Be3 Bxe3
34. Rxe3 Rc6 35. Rd3 Nc5 36. Rd8+ Kh7 37. Rd1 Na4 38. Qb3 Nxc3 39. Rc1 Ne2 40.
Rxc6 Bxc6 41. Qxf7 Nf4 42. Qf5+ Ng6 43. h4 Bd7 44. Qxd7 Nxh4 45. Qb7 Kg6 46.
Qxb6+ Kg5 47. Qe3+ Kh5 48. g4+ Kg6 49. a4 1-0

[Event "17. Bayer Open"]
[Site "Leverkusen"]
[Date "2019.02.25"]
[Round "5.40"]
[White "Stuch, Hans-Ferdinand"]
[Black "Knobeloch, Olaf"]
[Result "1/2-1/2"]
[WhiteElo "1541"]
[BlackElo "1546"]
[PlyCount "51"]
[EventDate "2019.??.??"]
[WhiteTeam "Godesberger SK"]
[BlackTeam "Pulheimer SC"]

1. e4 c6 2. d4 d5 3. e5 Bf5 4. h4 h5 5. Ne2 e6 6. Ng3 Bg6 7. Be2 Be7 8. Bxh5
Bxh5 9. Nxh5 Rh7 10. g3 Nd7 11. Qf3 c5 12. c3 Qb6 13. Qg4 g6 14. Nf6+ Ndxf6 15.
exf6 Nxf6 16. dxc5 Bxc5 17. Qf3 Ne4 18. O-O O-O-O 19. b4 Be7 20. Be3 Qc7 21. c4
Kb8 22. cxd5 exd5 23. Rc1 Qd7 24. Bf4+ Bd6 25. Nc3 Nxc3 26. Rxc3 1/2-1/2

[Event "17. Bayer Open"]
[Site "Leverkusen"]
[Date "2019.02.25"]
[Round "5.41"]
[White "Milz, Ulrich"]
[Black "Holz, Peter"]
[Result "1-0"]
[WhiteElo "1379"]
[BlackElo "1331"]
[PlyCount "73"]
[EventDate "2019.??.??"]
[WhiteTeam "SC Bayer Leverkusen"]
[BlackTeam "Pulheimer SC"]

1. e4 b6 2. Bc4 Bb7 3. d3 e6 4. a3 h6 5. Nc3 Nf6 6. Nf3 Nc6 7. h3 Ne7 8. b4 d5
9. exd5 Nexd5 10. Nxd5 Nxd5 11. Bb2 Nf4 12. g3 Nd5 13. O-O Nf6 14. Ne5 Rc8 15.
Qe2 Bd6 16. Nxf7 Qe7 17. Nxh8 Bd5 18. Ng6 Qf7 19. Bxd5 Nxd5 20. Ne5 Qf5 21.
Rae1 Kf8 22. c4 Nf6 23. Ng4 Re8 24. Nxf6 gxf6 25. Qe3 Qxh3 26. Bxf6 Kf7 27. Be5
Qh5 28. Bxd6 cxd6 29. Qe4 Qg5 30. Re3 e5 31. Rf3+ Kg7 32. Qd5 Qe7 33. Kg2 Qe6
34. Qe4 h5 35. Rh1 Qg4 36. Qb7+ Kg6 37. Qf7+ 1-0

[Event "17. Bayer Open"]
[Site "Leverkusen"]
[Date "2019.02.25"]
[Round "5.42"]
[White "Nölle, Michael"]
[Black "Diaubalick, Ulrich"]
[Result "0-1"]
[WhiteElo "1442"]
[BlackElo "1504"]
[PlyCount "56"]
[EventDate "2019.??.??"]
[WhiteTeam "Königsspringer Leverkusen"]
[BlackTeam "SF Düsseldorf-Süd"]

1. d4 d5 2. Bf4 Nf6 3. e3 e6 4. Nd2 c5 5. h3 cxd4 6. exd4 Nc6 7. c3 Be7 8. Bb5
a6 9. Bxc6+ bxc6 10. Ngf3 O-O 11. Qc2 c5 12. Ne5 Bb7 13. Ndf3 Ne4 14. h4 Rc8
15. Ng5 f5 16. Nxe6 Qa5 17. f3 Rf6 18. Nxc5 Nxc5 19. dxc5 Bxc5 20. Nd7 Re8+ 21.
Kd2 Rfe6 22. Rhe1 d4 23. Qb3 dxc3+ 24. bxc3 Bd5 25. Qb2 Ba7 26. Qb4 Qd8 27. Qa4
Bc6 28. Bg5 Qxd7+ 0-1

[Event "17. Bayer Open"]
[Site "Leverkusen"]
[Date "2019.02.25"]
[Round "5.45"]
[White "Wehr, Günter"]
[Black "Roder, Stephan"]
[Result "1-0"]
[WhiteElo "1417"]
[BlackElo "1437"]
[PlyCount "77"]
[EventDate "2019.??.??"]
[WhiteTeam "SV Opladen"]
[BlackTeam "Bergische SF"]

1. d4 Nf6 2. c4 g6 3. Nc3 Bg7 4. Nf3 d6 5. e3 O-O 6. Be2 Nbd7 7. O-O c6 8. Bd2
Nb6 9. Rc1 Re8 10. Re1 a5 11. h3 a4 12. a3 Be6 13. Nb1 Ne4 14. Bd3 Nf6 15. Ng5
Qd7 16. Nxe6 fxe6 17. Qc2 Rf8 18. c5 Nc8 19. Bb4 Rd8 20. Nc3 dxc5 21. Bxc5 b5
22. Ne4 Qd5 23. Ng3 Kf7 24. e4 Qg5 25. Re3 Nh5 26. Rf3+ Ke8 27. Nxh5 Qxh5 28.
Qe2 Qh6 29. Rc2 Ra6 30. e5 Kd7 31. Be4 Qh5 32. Bb4 Na7 33. Qd3 Ke8 34. Bc5 Nc8
35. Bxc6+ Rxc6 36. Qxb5 Kd7 37. Bb4 Na7 38. Qb7+ Ke8 39. Qxe7# 1-0

[Event "17. Bayer Open"]
[Site "Leverkusen"]
[Date "2019.02.25"]
[Round "5.46"]
[White "Ramien, Hannah"]
[Black "Balduan, Karl-Heinz"]
[Result "0-1"]
[WhiteElo "1418"]
[BlackElo "1500"]
[PlyCount "88"]
[EventDate "2019.??.??"]
[WhiteTeam "SG Porz"]
[BlackTeam "Königsspringer Leverkusen"]

1. e4 c5 2. Nc3 e6 3. Bc4 Nc6 4. f4 d6 5. d3 a6 6. a4 Be7 7. Nf3 h6 8. O-O Nf6
9. Qe1 Nd7 10. Qg3 Nd4 11. Nxd4 cxd4 12. Ne2 Bf6 13. Bd2 e5 14. f5 Nb6 15. Bb3
d5 16. a5 Nd7 17. Bxd5 Nb8 18. c3 Nc6 19. cxd4 exd4 20. Bf4 Bg5 21. Bxg5 hxg5
22. Bxc6+ bxc6 23. Qe5+ Kf8 24. Nxd4 Bb7 25. Rac1 Rc8 26. Qc5+ Kg8 27. e5 Rh6
28. f6 g6 29. b4 g4 30. Qc4 Qc7 31. Rce1 Rh5 32. Nb3 Re8 33. d4 Qb8 34. Nc5 Ba8
35. Nxa6 Qc8 36. Rc1 g3 37. h3 Rxh3 38. b5 Rh2 39. d5 Qd8 40. dxc6 Rxe5 41.
Rcd1 Qxa5 42. c7 Rxg2+ 43. Kh1 Rh5+ 44. Qh4 Rxh4# 0-1

[Event "17. Bayer Open"]
[Site "Leverkusen"]
[Date "2019.02.25"]
[Round "5.48"]
[White "Teuber, Alfons"]
[Black "Esser, Heinz"]
[Result "1/2-1/2"]
[WhiteElo "978"]
[BlackElo "1324"]
[PlyCount "137"]
[EventDate "2019.??.??"]
[WhiteTeam "BSW Opladen"]
[BlackTeam "SV Dormagen"]

1. c4 e5 2. Nc3 Nc6 3. a3 f5 4. e3 Nf6 5. b4 a6 6. Be2 Be7 7. Nd5 O-O 8. Nxe7+
Qxe7 9. Nf3 d6 10. O-O Qe8 11. Bb2 f4 12. b5 axb5 13. cxb5 Ne7 14. a4 b6 15.
Qb3+ Kh8 16. Ng5 Ng6 17. Bf3 Rb8 18. Rac1 Qe7 19. Ne4 Be6 20. Qd3 Rbd8 21. Nxf6
Rxf6 22. Rc6 Bf5 23. e4 Bc8 24. Rfc1 Rd7 25. Qc3 Qd8 26. Bg4 Re7 27. Bxc8 Qxc8
28. f3 Rff7 29. Rxd6 Nf8 30. d4 Ne6 31. d5 Nc5 32. Rc6 Nxa4 33. Qb4 Nc5 34. d6
Rd7 35. dxc7 Nd3 36. Qc3 Nxc1 37. Qxc1 Rxc7 38. Bxe5 Rxc6 39. Qxc6 Qd8 40. h3
h6 41. Qg6 Kg8 42. Qg4 Qd1+ 43. Kh2 Qd2 44. Qh4 Kh7 45. Qg4 Kg8 46. Qe6 Qd7 47.
Qxb6 Re7 48. Bxf4 Re6 49. Qb8+ Re8 50. Qb6 Re6 51. Qc5 Rg6 52. Qd5+ Qxd5 53.
exd5 Rb6 54. d6 Rxb5 55. Kg3 Kf7 56. h4 Ke8 57. Kg4 Kd7 58. Kh3 Rf5 59. Kg4 Rd5
60. g3 h5+ 61. Kh3 Rd3 62. Kg2 g6 63. Kf2 Rc3 64. Be5 Rb3 65. Ke2 Ra3 66. Kf2
Ra5 67. f4 Ra3 68. Kg2 Rb3 69. Kh3 1/2-1/2

[Event "17. Bayer Open"]
[Site "Leverkusen"]
[Date "2019.02.25"]
[Round "5.49"]
[White "Ramien, Dina"]
[Black "Marcziter, Alex"]
[Result "1-0"]
[WhiteElo "1548"]
[BlackElo "1183"]
[PlyCount "49"]
[EventDate "2019.??.??"]
[WhiteTeam "SG Porz"]
[BlackTeam "SG Porz"]

1. e4 e5 2. Nf3 Nc6 3. Bc4 Nf6 4. Ng5 d5 5. exd5 Na5 6. Bb5+ c6 7. dxc6 bxc6 8.
Bd3 h6 9. Ne4 Nxe4 10. Bxe4 Bc5 11. O-O Qd4 12. d3 Qd8 13. Qf3 Bd7 14. Nc3 O-O
15. Qg3 Qf6 16. Rb1 Rab8 17. Be3 Bb6 18. Na4 Rfc8 19. Nc5 Bxc5 20. Bxc5 Nb7 21.
Bxa7 Ra8 22. Qe3 c5 23. Bxb7 Rxa7 24. Bxc8 Bxc8 25. Qxc5 1-0

[Event "17. Bayer Open"]
[Site "Leverkusen"]
[Date "2019.02.25"]
[Round "5.50"]
[White "Klees, Robert"]
[Black "Atar, Efecan"]
[Result "1-0"]
[WhiteElo "1318"]
[BlackElo "962"]
[PlyCount "35"]
[EventDate "2019.??.??"]
[WhiteTeam "SF Düsseldorf-Süd"]
[BlackTeam "SK Kerpen"]

1. d4 d5 2. c4 c6 3. cxd5 cxd5 4. Nc3 Nc6 5. Nf3 Nf6 6. Bg5 Bg4 7. e3 e6 8. Be2
Be7 9. h3 Bh5 10. Qb3 Qc7 11. O-O O-O 12. Bf4 Qc8 13. Rac1 Na5 14. Qa4 b6 15.
Nxd5 Qd8 16. Nxe7+ Qxe7 17. b4 Qe8 18. Bb5 1-0

[Event "17. Bayer Open"]
[Site "Leverkusen"]
[Date "2019.02.25"]
[Round "5.51"]
[White "Weirich, Ralf"]
[Black "Pamula, Richard"]
[Result "1-0"]
[WhiteElo "1253"]
[BlackElo "1128"]
[PlyCount "122"]
[EventDate "2019.??.??"]
[WhiteTeam "TV Witzhelden"]
[BlackTeam "Königsspringer Leverkusen"]

1. e4 c5 2. Nf3 e6 3. d4 Nc6 4. c4 cxd4 5. Nxd4 Bb4+ 6. Nc3 Bxc3+ 7. bxc3 Ne5
8. f4 Ng6 9. Qg4 Nf6 10. Qf3 b6 11. e5 Rb8 12. exf6 Qxf6 13. Be2 Bb7 14. Qg3
Qh4 15. Qxh4 Nxh4 16. Bf3 Nxf3+ 17. Nxf3 Ba6 18. Nd2 O-O 19. Ba3 Rfe8 20. Bd6
Rbc8 21. O-O Bxc4 22. Nxc4 Rxc4 23. Rac1 Rec8 24. Be5 d5 25. Rfd1 f6 26. Bd4
Re8 27. Re1 Kf7 28. Rb1 Ra4 29. Re2 h6 30. Rb4 Ra5 31. Kf2 g5 32. g3 Kg6 33. c4
Kf7 34. Bc3 Rc5 35. Bd4 Ra5 36. Kf1 dxc4 37. Rxc4 gxf4 38. Rc7+ Kg6 39. gxf4
Ra4 40. Rd7 Ra5 41. Rg2+ Kf5 42. Be3 Rc8 43. Rh7 Ra3 44. Re2 Kg6 45. Re7 Rc6
46. Bd4 Rf3+ 47. Rf2 Rxf2+ 48. Kxf2 Rc2+ 49. Ke3 Kf5 50. Rf7 e5 51. Bxe5 Rxa2
52. Rxf6+ Kg4 53. Rxh6 a5 54. Rxb6 Rxh2 55. Ke4 Re2+ 56. Kd3 Re1 57. Ra6 Rd1+
58. Kc2 Rd5 59. Kb3 Kf5 60. Ka4 Rxe5 61. fxe5 Kxe5 1-0

[Event "17. Bayer Open"]
[Site "Leverkusen"]
[Date "2019.02.25"]
[Round "5.52"]
[White "Syldath, Andreas"]
[Black "Fröhling, Ewald"]
[Result "0-1"]
[WhiteElo "1207"]
[BlackElo "1415"]
[PlyCount "94"]
[EventDate "2019.??.??"]
[WhiteTeam "SF Düsseldorf-Süd"]
[BlackTeam "Pulheimer SC"]

1. d4 d5 2. c4 dxc4 3. Nc3 g6 4. e4 Bg7 5. Nf3 Nf6 6. Bxc4 O-O 7. O-O Bg4 8.
Be3 Nc6 9. Qc2 Bxf3 10. gxf3 Nxd4 11. Qd1 Nc6 12. Qe2 Qc8 13. Kg2 Ne5 14. Nd5
Nxd5 15. Bxd5 c6 16. Rac1 Rd8 17. Rfd1 e6 18. Bb3 Qc7 19. f4 Nd7 20. e5 Nb6 21.
Bd4 Nd5 22. Bxd5 Rxd5 23. Qe3 Qe7 24. Kg3 Qb4 25. Bc3 Qa4 26. Rxd5 cxd5 27. a3
Rd8 28. Bd4 b6 29. h4 h5 30. Kh3 Qd7 31. Rg1 Kh7 32. Qd3 Bh6 33. Qg3 Rc8 34.
Qe3 Qa4 35. Bc3 Bxf4 36. Qd4 Qxd4 37. Bxd4 Rc2 38. Kg2 Re2 39. Kf3 Re4 40. Be3
Bxe5 41. Rc1 Rxh4 42. Rc8 Rh1 43. Bg5 h4 44. Rf8 Kg7 45. Ra8 h3 46. Rxa7 h2 47.
Kg2 Rg1+ 0-1

[Event "17. Bayer Open"]
[Site "Leverkusen"]
[Date "2019.03.11"]
[Round "6.1"]
[White "Balduan, Markus"]
[Black "Gramb, Marius"]
[Result "1/2-1/2"]
[WhiteElo "2321"]
[BlackElo "2188"]
[PlyCount "101"]
[EventDate "2019.??.??"]
[WhiteTeam "TV Witzhelden"]
[BlackTeam "Brühler SK"]

1. d4 Nf6 2. Nf3 e6 3. c4 b6 4. g3 Bb7 5. Bg2 Be7 6. O-O O-O 7. Nc3 d5 8. Ne5
c6 9. e4 dxc4 10. a4 Ba6 11. Be3 Nfd7 12. Nf3 Qc7 13. Qc2 e5 14. dxe5 Nxe5 15.
Nxe5 Qxe5 16. f4 Qc7 17. e5 Nd7 18. Ne4 f5 19. exf6 Bxf6 20. Rfd1 Rad8 21. Bf1
Kh8 22. Rab1 b5 23. b3 Nb6 24. bxc4 Nxc4 25. Bxc4 bxc4 26. Nc5 Qa5 27. Nd7 Rf7
28. Nxf6 gxf6 29. Qe4 c5 30. Qe6 Rxd1+ 31. Rxd1 Kg7 32. Qg4+ Kf8 33. Qh5 c3 34.
Qf5 Qc7 35. Rd5 Bc8 36. Qd3 Kg7 37. Qxc3 Be6 38. Rxc5 Qd7 39. Bd4 Qxa4 40. f5
Qd1+ 41. Kf2 Bb3 42. Rc6 h6 43. Bxf6+ Kh7 44. Rc7 Qh1 45. Rxf7+ Bxf7 46. Qc7
Qxh2+ 47. Ke3 Qg1+ 48. Ke2 Qg2+ 49. Ke3 Qg1+ 50. Ke2 Qg2+ 51. Ke3 1/2-1/2